Statistics for NBA Basketball Team Logos

Click here to take the quiz!

General Stats

  • This quiz has been taken 132,532 times
    (132,310 since last reset)
  • The average score is 25 of 30

Answer Stats

Answer% Correct
Chicago Bulls
100%
Los Angeles Lakers
98%
Boston Celtics
96%
Golden State Warriors
94%
San Antonio Spurs
94%
Miami Heat
92%
Indiana Pacers
90%
Houston Rockets
90%
Milwaukee Bucks
89%
Memphis Grizzlies
88%
Utah Jazz
88%
Minnesota Timberwolves
86%
Toronto Raptors
85%
Sacramento Kings
85%
Orlando Magic
85%
Portland Trail Blazers
84%
Charlotte Hornets
84%
Cleveland Cavaliers
84%
New York Knicks
83%
Denver Nuggets
82%
Atlanta Hawks
82%
Phoenix Suns
78%
Dallas Mavericks
77%
Philadelphia 76ers
76%
New Orleans Pelicans
76%
Oklahoma City Thunder
75%
Brooklyn Nets
75%
Washington Wizards
74%
Los Angeles Clippers
74%
Detroit Pistons
73%

Score Distribution

Percentile by Number Answered

Percent of People with Each Score

Your Score History

You have not taken this quiz since the last reset